000 00548nam a22001697a 4500
005 20260226104653.0
008 260226b |||||||| |||| 00| 0 eng d
020 _a978-3-031-11085-6
100 _aOREN, TUNCER (EDITOR)
245 _aBODY OF KNOWLEDGE FOR MODELING AND SIMULATION
_bA HANDBOOK BY THE SOCIETY FOR MODELING AND SIMULATION INTERNATIONAL
260 _aCHAM, SWITZERLAND
_bSPRINGER
_c2023
300 _aXV,548P.
500 _aINCLUDES INDEX
650 _aSIMULATION AND MODELING
700 _aZEIGLER, BERNARD P.
942 _2lcc
_cBK
999 _c216694
_d216694